1921 1305 1633 1349 1554 1729 1444 1749 1353 1872 1460 1056 1818 1206 1232 1552 1133 1639 1655 1649 1778 1625 1919 1241 1926 1213 1726 1128 1092 1882 1022 1476 1291 1922 1104 1154 1948 1102 1153 1138 1456 1464 1621 1725 1927 1036 1039 1105 1629 1276 1597 1615 1210 1412 1061 1442 1902 1699 1499 1234 1029 1374 1785 1400 1507 1146 1106 1649 1478 1680 1611 1056 1028 1033 1179 1953 1540 1278 1807 1738 1353 1417 1644 1776 1126 1661 1578 1249 1473 1133 1552 1861 1413 1416 1816 1534 1036 1630 1017 BCNSPRNW ULIB Ver.6.0+V

เปลี่ยนเป็นภาษาไทย

Change to English
 แสดงรายละเอียดบรรณานุกรม
  กลับหน้าหลัก

Brief Record : Get Marc (ISO 2709) : E-mail record : QR code < ปิดหน้าต่าง
LEADER : 00000nam 2200000uu 4500
001    13399114631
003     ULIB
008    120424s2536||||th 000 0 tha d
020    ^a9475876402 (ล.1-2)
060 04 ^aQU4^bค422ช ล.1-2 2536
245 00 ^aชีวเคมี คณะแพทยศาสตร์ศิริราชพยาบาล /^cบรรณาธิการ, ดารณี ชุมนุมศิริวัฒน์
250    ^aพิมพ์ครั้งที่ 4
260    ^aกรุงเทพฯ :^bคณะแพทยศาสตร์ศิริราชพยาบาล มหาวิทยาลัยมหิดล,^c2536
300    ^a2 เล่ม :^bภาพประกอบ ;^c26 ซม.
500    ^aSend to Single Search
650  4 ^aชีวเคมี
653    ^aผลงานอาจารย์คณะแพทยศาสตร์ศิริราชพยาบาล
700 0  ^aดารณี ชุมนุมศิริวัฒน์,^eบรรณาธิการ
710 2  ^aมหาวิทยาลัยมหิดล. ^bคณะแพทยศาสตร์ศิริราชพยาบาล
945    ^p0^l0^i7672
995    ^aกัณชพร
999 ^a ใช้งานได้ทุกระบบ
รายการนี้ยังไม่มีแท็ก
คุณยังไม่ได้ล็อกอิน คุณสามารถมีกิจกรรมร่วมกับเว็บไซต์ได้ แต่ต้องล็อกอินก่อน ::
  ล็อกอิน

รายการสื่อสารสนเทศ

ลำดับที่ ประเภท เลขเรียก/บาร์โค้ด สถานที่ สถานะ
- ไม่พบข้อมูล -

รายการใกล้เคียง
    หัวเรื่อง [ชีวเคมี]

BibComment


ยังไม่เคยถูกคอมเมนท์

คอมเมนท์ทรัพยากรรายการนี้
  คอมเมนท์: ชีวเคมี คณะแพทย..


 Copyright 2026. Bcnsprnw @Library